| 000 | 00980nam a2200241Ia 4500 | ||
|---|---|---|---|
| 003 | OSt | ||
| 005 | 20210720120356.0 | ||
| 008 | 210310s1998 ck ad gr 000 0 spa d | ||
| 020 | _a9588007119 | ||
| 040 |
_aCO-JMCR _cCO-JMCR |
||
| 041 | 0 | _aspa | |
| 082 | 0 | 4 |
_a332.9 / _bS959u1 _223 |
| 110 | 2 |
_aColombia. _bSuperintendencia de Valores _95896 |
|
| 245 | 1 | 0 |
_aUn nuevo enfoque para el mercado de valores / _cSuperintendencia de Valores |
| 260 |
_aBogotá : _bSuperintendencia de Valores, _c1998 |
||
| 300 |
_a213 páginas : _bilustraciones y gráficas a blanco y negro ; _c24 cm. |
||
| 500 | _aIncluye glosario y notas a pie de página. | ||
| 504 | _aBibliografía: páginas 213-[214] | ||
| 505 | 0 | _aLa Superintendencia de Valores -- Los recibos de depósitos -- Aspectos legales -- índice de concentración accionaria -- Riesgos de inversión -- La titularización | |
| 650 | 1 | 4 |
_aValores _916283 _zColombia |
| 650 | 2 | 4 |
_aMercado monetario _zColombia _938584 |
| 942 |
_2ddc _cBK |
||
| 999 |
_c8081 _d8081 |
||